000
00327 a2200109 4500
001
ART_29054
005
20260410161909.0
008
260409a
245
1
0
_a
Unemployment, wages and government policy
100
1
_a
Atkinson, A.B.
773
0
_t
The Economic Journal
_g
- Vol. 92, NÂș 365 (mar. 1982)
_w
REV12512
999
_c
26653
_d
26653